000 00562cam a22002171 4500
001 sa 64007760
003 DLC
005 20260227112049.0
008 931214s1962 xx a j 000 0 tam
010 _asa 64007760
025 _aPL480:I-T-575
035 _a(OCoLC)29490461
040 _aDLC
_cNRU
_dDLC
050 0 0 _aQL467
_b.G6
100 1 _aKōpālakiruṣṇan̲, Kalvi,
_d1912-
245 1 0 _aMantiravātiyin̲ makan̲.
260 _c[1962?]
300 _a79 p.
_bcol. illus.
_c24 cm.
500 _aIn Tamil.
650 0 _aInsects
_vJuvenile literature.
999 _c60471
_d60471